[Event "Barranquilla Carnaval Cup"]
[Site "Barranquilla"]
[Date "2024.02.05"]
[Round "5"]
[White "Gomez Solorzano, Marianne"]
[Black "Estrada Herrera, Jeronimo"]
[Result "0-1"]
[WhiteElo "1303"]
[BlackElo "1512"]
[PlyCount "45"]
[EventDate "2024.02.03"]
[EventType "swiss"]
[EventRounds "9"]
[EventCountry "COL"]
[SourceTitle "CBM 218 Extra"]
[Source "ChessBase"]
[SourceDate "2024.03.31"]
[SourceVersion "1"]
[SourceVersionDate "2024.03.31"]
[SourceQuality "1"]

1. e4 c6 2. d4 d5 3. exd5 cxd5 4. h3 Nf6 5. Nf3 Bd7 6. Bd3 e6 7. Be3 Nc6 8. a3 Bd6 9. Nbd2 Kf8 10. Nf1 g6 11. Ng3 Kg7 12. Qc1 h6 13. 0-0 Qc7 14. Nh2 Bxg3 15. fxg3 Qxg3 16. Qd2 e5 17. Rf3 Qh4 18. Bf2 Qg5 19. Qe2 e4 20. Rg3 exd3 21. Qxd3 Qf4 22. Rf1 Qf5 23. Qe2 0-1